[Event "Harrachov op"]
[Site "Prichovice"]
[Date "2019.10.28"]
[Round "3"]
[White "Holasek, Vojtech"]
[Black "Pise, Jiri"]
[Result "1-0"]
[WhiteElo "1905"]
[BlackElo "1775"]
[PlyCount "229"]
[EventDate "2019.10.26"]
[EventType "swiss"]
[EventRounds "9"]
[EventCountry "CZE"]
[SourceTitle "CBM 192 Extra"]
[Source "Chessbase"]
[SourceDate "2019.11.06"]
[SourceVersion "1"]
[SourceVersionDate "2019.11.06"]
[SourceQuality "1"]

1. Nf3 Nf6 2. c4 g6 3. b3 Bg7 4. Bb2 0-0 5. d4 d6 6. Nc3 Nbd7 7. e4 e5 8. Be2 Ne8 9. 0-0 f5 10. dxe5 Nxe5 11. Nxe5 Bxe5 12. f4 Bg7 13. Qd5+ Kh8 14. e5 c6 15. Qd2 Qb6+ 16. Kh1 dxe5 17. fxe5 Qc7 18. Bf3 Bxe5 19. Rfe1 Bf6 20. Rad1 Ng7 21. Qd6 Qxd6 22. Rxd6 Be6 23. Rdxe6 Nxe6 24. Rxe6 Rae8 25. Rxe8 Rxe8 26. Kg1 Kg7 27. Kf1 Kf7 28. Na4 Bxb2 29. Nxb2 Kf6 30. Nd3 Re7 31. Kf2 g5 32. h3 Kg6 33. a4 h5 34. b4 g4 35. hxg4 fxg4 36. Be2 Kg5 37. g3 h4 38. gxh4+ Kxh4 39. Bf1 g3+ 40. Kg2 Kg4 41. a5 Kh4 42. b5 cxb5 43. cxb5 b6 44. Nf4 Kg4 45. Nd5 Re6 46. axb6 axb6 47. Bd3 Rd6 48. Be4 Rh6 49. Bf3+ Kh4 50. Ne3 Rg6 51. Bc6 Rf6 52. Bf3 Rg6 53. Be4 Re6 54. Kf3 Re5 55. Bc6 Rc5 56. Kf4 Kh3 57. Bd7+ Kh2 58. Nf1+ Kg2 59. Nxg3 Rc4+ 60. Ne4 Rb4 61. Bc6 Kf1 62. Ke5 Ke2 63. Nc3+ Kd3 64. Nd5 Re4+ 65. Kd6 Rd4 66. Kc7 Kc4 67. Kxb6 Rd2 68. Nc7 Rb2 69. Bd5+ Kb4 70. Na6+ Kc3 71. Kc5 Rh2 72. b6 Rh7 73. b7 Rxb7 74. Bxb7 Kb2 75. Kc4 Kc2 76. Nb4+ Kb2 77. Bf3 Ka1 78. Kc3 Kb1 79. Nc2 Ka2 80. Be4 Kb1 81. Bd5 Kc1 82. Nd4 Kb1 83. Be4+ Ka1 84. Nb3+ Ka2 85. Bd3 Ka3 86. Bb1 Ka4 87. Nd4 Ka3 88. Nb5+ Ka4 89. Kc4 Ka5 90. Kc5 Ka4 91. Bc2+ Ka5 92. Nc3 Ka6 93. Nd5 Ka5 94. Nb6 Ka6 95. Be4 Ka5 96. Bc6 Ka6 97. Bb5+ Kb7 98. Nd5 Kc8 99. Bc6 Kd8 100. Bb5 Kc8 101. Kc6 Kd8 102. Kd6 Kc8 103. Nb6+ Kd8 104. Nc4 Kc8 105. Ne5 Kb7 106. Nd7 Kc8 107. Nc5 Kd8 108. Nb7+ Kc8 109. Kc6 Kb8 110. Kb6 Kc8 111. Bc6 Kb8 112. Bd7 Ka8 113. Nc5 Kb8 114. Na6+ Ka8 115. Bc6# 1-0